000 00432nam a22001697a 4500
003 CEME
005 20210628210249.0
008 210201b xxu||||| |||| 00| 0 eng d
040 _c.
082 _a297.7 SID
100 _aSiddiqui, Muhammad Mansoor Uz Zaman
_978785
245 _aIslami adab-e-zindgi
260 _aLAHORE
_bISLAMIC PUBLICATIONS
_c2004
300 _a938P
650 _aISLAMIC TEACHING
_963270
942 _cBK
_2ddc
999 _c583863
_d583863